| 000 | 01055cam a2200253 4500 | ||
|---|---|---|---|
| 001 | J114283 | ||
| 008 | #DATE n2001 000 0 eng u | ||
| 035 | _a(Sirsi) u114283 | ||
| 041 | _aeng | ||
| 050 | _a346.4104346 | ||
| 110 |
_aUnited Kingdom _bDepartment of the Environment, Transport and the Regions _93507 |
||
| 245 | _aLeasehold houses: your right to buy the freehold of your house or extend your lease. | ||
| 250 | _a2001 | ||
| 260 |
_aLondon _bDepartment of the Environment, Transport and the Regions _c2001 |
||
| 350 | _a0.00 | ||
| 520 | _aAvailable from DTLR Free Literature, Tel: 0870 1226236; Fax: 0870 1226237; Email: [email protected], or on the DLTR website at//www.housing.dtlr.gov.uk/order/leasehold/index.htm | ||
| 650 | _aLEASEHOLD ENFRANCHISEMENT | ||
| 650 | _aLEASEHOLD HOUSES | ||
| 650 | _aLEASEHOLD REFORM, HOUSING AND URBAN DEVELOPMENT ACT 1993 | ||
| 650 | _aRIGHT TO BUY | ||
| 690 | _aLANDLORD AND TENANT-LEASEHOLD REFORM | ||
| 856 | _uhttps://www.housing.dtlr.gov.uk/order/leasehold/index.htm | ||
| 942 | _n0 | ||
| 999 |
_c101600 _d101600 |
||